000
00277nam a2200121 a 4500
008
140128s2012|||| d
260
_b
Timy Partners
_a
Bratislava
_c
2012
020
_c
9,99
041
_a
slo
044
_a
xo
_c
SK
958
_a
APR
245
1
0
_a
Cvičení v prírode
999
_c
20332
_d
20332